United States citizenship and qualifications for voting in Washington : (Record no. 41994)
[ view plain ]
| 000 -LEADER | |
|---|---|
| fixed length control field | 01472nam a2200289 a 4500 |
| 001 - CONTROL NUMBER | |
| control field | 41994 |
| 003 - CONTROL NUMBER IDENTIFIER | |
| rucl marc code | BD-RjUL |
| 005 - DATE AND TIME OF LATEST TRANSACTION | |
| control field | 20211209053459.0 |
| 008 - FIXED-LENGTH DATA ELEMENTS--GENERAL INFORMATION | |
| fixed length control field | 160608s1951 wau 000 0 eng d |
| 035 ## - SYSTEM CONTROL NUMBER | |
| System control number | (BD-RjUL)42112 |
| System control number | 2202757 |
| 040 ## - CATALOGING SOURCE | |
| Original cataloging agency | WASKC |
| Language of cataloging | eng |
| Transcribing agency | WASKC |
| Modifying agency | ANL:NR |
| -- | ANL |
| 041 ## - LANGUAGE CODE | |
| Language code of text/sound track or separate title | eng |
| 082 04 - DEWEY DECIMAL CLASSIFICATION NUMBER | |
| Classification number | 323.673 |
| Edition number | 19 |
| Author mark and year | CAU 1951 |
| 100 1# - MAIN ENTRY--PERSONAL NAME | |
| Personal name | Campbell, Ernest Howard |
| Dates associated with a name | 1910- |
| 9 (RLIN) | 129094 |
| 245 10 - TITLE STATEMENT | |
| Title | United States citizenship and qualifications for voting in Washington : |
| Remainder of title | a manual for persons concerned with determining questions of United States citizenship, with special reference to the applicable provisions of the constitution and laws of the State of Washington relating to qualifications for voting / |
| Statement of responsibility, etc. | by Ernest H. Campbell and George D. Smith. |
| 260 ## - PUBLICATION, DISTRIBUTION, ETC. (IMPRINT) | |
| Place of publication, distribution, etc. | Seattle : |
| Name of publisher, distributor, etc. | University of Washington Press, |
| Date of publication, distribution, etc. | 1951. |
| 300 ## - PHYSICAL DESCRIPTION | |
| Pagination | ix, 94 p.; |
| Size | 23 cm. |
| 490 1# - SERIES STATEMENT | |
| Series statement | University of Washington. Bureau of Governmental Research and Services. Report ; |
| Volume/sequential designation | no. 105 |
| 500 ## - GENERAL NOTE | |
| General note | A revision of A manual on citizenship for registrars of voters, published in 1936 by the Bureau of Governmental Research as its Report no. 18. |
| 650 #0 - SUBJECT ADDED ENTRY--TOPICAL TERM | |
| Topical term or geographic name as entry element | Citizenship |
| Geographic subdivision | United States. |
| 9 (RLIN) | 129095 |
| Topical term or geographic name as entry element | Suffrage |
| Geographic subdivision | Washington (State) |
| 9 (RLIN) | 129096 |
| 700 1# - ADDED ENTRY--PERSONAL NAME | |
| Personal name | Smith, George Duncan, |
| Dates associated with a name | 1921-, |
| Relator term | joint author. |
| 830 #0 - SERIES ADDED ENTRY--UNIFORM TITLE | |
| Uniform title | Report (University of Washington. Bureau of Governmental Research and Services) ; |
| Volume number/sequential designation | no. 105 |
| 942 ## - ADDED ENTRY ELEMENTS (KOHA) | |
| Source of classification or shelving scheme | Dewey Decimal Classification |
| Koha item type | Books |
| Lost status | Source of classification or shelving scheme | Damaged status | Not for loan | Collection code | Permanent Location | Current Location | Shelving location | Date acquired | Source of acquisition | Cost, normal purchase price | Total Checkouts | Full call number | Date last seen | Copy number | Koha item type |
|---|---|---|---|---|---|---|---|---|---|---|---|---|---|---|---|
| Dewey Decimal Classification | Non-fiction | Central Library, University of Rajshahi | Central Library, University of Rajshahi | 01/04/1967 | Pak Ameriaca | 7.50 | 323.673 CAU 1951 | 08/06/2016 | C-2 | Books |